Logo BPK

Biblioteka

Politechniki Koszalińskiej

A midsummer night's dream : (Rekord nr 50050)

Szczegóły MARC
000 -ETYKIETA REKORDU
podpole kontrolne o stałej długości 00800nam a2200253 i 4500
001 - NUMER KONTROLNY REKORDU
pole kontrolne bgj
020 ## - MIĘDZYNARODOWY ZNORMALIZOWANY NUMER KSIĄŻKI - ISBN
ISBN 0822000571
040 ## - ŹRÓDŁO KATALOGOWANIA
Instytucja, która utworzyła rekord BPK
041 0# - KOD JĘZYKA
Kod języka tekstu eng
044 ## - KOD KRAJU WYDAWCY/PRODUCENTA
Kod kraju wydawcy/producenta USA
080 ## - UNIWERSALNA KLASYFIKACJA DZIESIĘTNA - UKD
UKD 821.111
920 ## - Międzynarodowy znormalizowany numer książki – ISBN
ISBN 0-8220-0057-1
008 - POLE O STAŁEJ DŁUGOŚCI - DANE KONTROLNE
podpole kontrolne o stałej długości s uk f |000 0 eng
245 10 - TYTUŁ/ODPOWIEDZIALNOŚĆ
Tytuł A midsummer night's dream :
Ciąg dalszy tytułu notes, including scene by scene synopsis - character sketches, selected examination questions and answers /
Pozostałe elementy strefy tytułu i oznaczenia odpowiedzialności consulting editor James L. Roberts.
260 ## - STREFA ADRESU WYDAWNICZEGO
Miejsce wydania Lincoln, NB :
Nazwa wydawcy/dystrybutora Cliff's Notes
Data publikacji, dystrybucji/powstania dokumentu cop. 1960.
300 ## - STREFA OPISU FIZYCZNEGO
Objętość 90 s. ;
Rozmiary 21 cm.
490 1# - STREFA SERII I DOKUMENTU WIELOCZĘŚCIOWEGO - FORMA NIE DO WYSZUKIWANIA
Tytuł i oznaczenie odpowiedzialności serii CliffsNotes
600 1# - HASŁO PRZEDMIOTOWE W FORMIE NAZWY OSOBOWEJ
Nazwa osobowa Shakespeare, William
Daty związane z nazwą (1564-1616)
Tytuł dzieła A midsummer night's dream
650 9# - HASŁO PRZEDMIOTOWE W FORMIE NAZWY OGÓLNEJ LUB JEDNOSTKOWEJ
Nazwa ogólna lub geograficzna Literatura angielska
650 9# - HASŁO PRZEDMIOTOWE W FORMIE NAZWY OGÓLNEJ LUB JEDNOSTKOWEJ
Nazwa ogólna lub geograficzna Dramat angielski
700 1# - HASŁO DODATKOWE - NAZWA OSOBOWA
Nazwa osobowa ROBERTS, James L.
830 ## - HASŁO DODATKOWE SERII LUB DOKUMENTU WIELOCZĘŚCIOWEGO - TYTUŁ UJEDNOLICONY
Tytuł ujednolicony CliffsNotes
942 ## - DODATKOWE ELEMENTY (KOHA)
Typ dokumentu Książka
Egzemplarze
Wycofany Status egzemplarza Uszkodzony Dostępność Lokalizacja stała Lokalizacja bieżąca Miejsce przechowywania Sygnatura Kod kreskowy Typ dokumentu
      Tylko na miejscu Biblioteka Politechniki Koszalińskiej Biblioteka Politechniki Koszalińskiej Czytelnia Wydziałowa ul. Kwiatkowskiego 6e S 2688 02435084 Książka
© 2023 Biblioteka Politechniki Koszalińskiej :: KOHA